00506nam a22001577a 4500082003000000100002200030245003200052260004500084300002000129526003700149650001300186700002100199942001200220999001900232952009700251 a621.4021bTHUcL-12, P-43 aG. Thurlow941904 aEngineering thermodynamics. aLondonbEnglish universities pressc1964 ax, 342 p.bill. a0b0c0d621_402100000000000_THU aMCE9379 aA. B. Lee941905 2ddccBK c545926d545926 00102ddc4070aMCEbMCEd2014-05-30l0o621.4021 THUpMCE-5102r2014-05-30w2014-05-30yBK